Regioni italiane da Est ad Ovest - Statistics

Statistiche generali
  • Questo quiz è stato fatto 349 volte
  • Il punteggio medio è 8 su 20
Statistiche sulle risposte
Longitudine punto regionale più ad Est Regione % Corretto
18°31′14″E Puglia
100%
17°12′24″E Calabria
57%
16°52′00″E Basilicata
55%
15°48′23″E Campania
47%
15°09′42″E Molise
43%
14°46′59″E Abruzzo
41%
15°39′10″E Sicilia
41%
14°01′40″E Lazio
37%
13°55′11″E Marche
37%
13°55′08″E Friuli-Venezia Giulia
36%
10°04′16″E Liguria
34%
9°12′51″E Piemonte
33%
7°56′24″E Valle d'Aosta
32%
11°25′40″E Lombardia
31%
9°49′44″E Sardegna
31%
13°06′01″E Veneto
31%
13°15′51″E Umbria
30%
12°22′17″E Toscana
29%
12°45′20″E Emilia-Romagna
28%
12°28′39″E Trentino-Alto Adige
24%
Nessun quiz corrispondente trovato
Distribuzione punteggi
Percentuale di utenti per punteggio
Percentile per numero di risposta
I tuoi punteggi nel tempo
Non hai fatto questo quiz